000 00815nam a2200265 i 4500
001 9054
003 ES-MaACL
005 20230906145607.0
007 t|
008 930202s1991 sp ||||1| spa d
020 _a84-7658-316-8
080 _a92 Imaz, Eugenio
080 _a1 Imaz, Eugenio
100 1 _aAscunce Arrieta, José Ángel.
_923553
245 1 0 _aTopías y utopías de Eugenio Imaz
_b: historia de un exilio /
_cJosé Angel Ascunce.
250 _a[1ª ed.].
260 _aBarcelona :
_bAnthropos,
_c1991.
300 _a238 p. ;
_c20 cm.
490 1 _aMemoria rota. Estudios
500 _aBibliogr.: p. 221-235.
600 1 4 _aImaz, Eugenio-
_xCrítica e interpretación.
_965205
830 0 _aMemoria rota. Estudios
_9178913
852 _aES-MaACL
_jL-12954
_bR.119894
999 _c9054
_d9054